000
00310nam a2200145Ia 4500
100
_a
Kakani/S.L/ Kakani/Amit
650
_a
Material science
942
_c
BK
366
_f
17.5
245
_a
Material science
260
_b
New Age Int (P) Ltd
_c
2004
300
_a
640
546
_a
ENGLISH
999
_c
20977
_d
20977